Meilleurs clubs européens de rugby. - Statistiques

Statistiques générales
  • Ce quiz a été pris 1 839 fois
    82 depuis la dernière actualisation
  • Le résultat moyen est 12 sur 20
Statistiques - réponses
Classement Clubs Points % Correct
2 Stade toulousain 780
100%
1 Union-Bordeaux-Bègles 801
95%
6 RC Toulon 565
92%
3 Leinster 748
85%
7 Stade rochelais 494
79%
15 Leicester Tigers 402
67%
4 Bath Rugby 664
65%
8 Glasgow warriors 493
64%
5 Northampton Saints 634
60%
9 Montpellier HR 426
59%
18 Ulster 388
57%
16 Saracens 399
56%
17 Castres olympique 396
55%
19 Sale Sharks 383
53%
10 Harlequins 415
47%
13 Lyon OU 406
43%
12 Benetton Trévise 407
39%
14 Edimbourg Rugby 405
37%
11 Exeter Chiefs 410
36%
20 Gloucester Rugby 373
23%
Aucun quiz correspondant
Distribution des résultats
% des personnes avec chaque résultat
Percentile par nombre de réponses
Votre historique - résultats
Vous n’avez pas pris ce quiz depuis la dernière actualisation